000 00865nam a2200253 a 4500
001 BRCA_4895
005 20190320204840.0
008 140910m1959----sp-#######---#000-0#spa-#
041 _aspa
044 _asp
050 4 _aZ1029
_b.B37 1 1959
100 1 _aBardón López, Luis
_911407
245 1 0 _aCatálogo por orden alfabético de libros antiguos, raros o curiosos que pone en venta la librería para bibliófilos Luis Bardón López
_cLuis Bardón López.
260 _aMadrid
_bArges
_c1959
300 _a36 p.
_c21 cm.
440 0 _aCatálogo por orden alfabético de libros antiguos, raros o curiosos
_v40
_912403
500 _aVer también CFG7 (No. 42, 1960)
500 _aCFG6
650 1 4 _aLibros antiguos
_vCatálogos
_zMadrid
_911409
650 1 4 _aLibros raros
_912404
650 1 4 _aLibrerías
_xLibreros
_912405
902 _aGFM
942 _2lcc
_cB
999 _c4589
_d4589